| 000 | 00858nam a2200241 i 4500 | ||
|---|---|---|---|
| 001 | 104908 | ||
| 003 | ES-MaACL | ||
| 005 | 20250830020103.0 | ||
| 007 | t| | ||
| 008 | 060524s1946 gw ||||1| lat d | ||
| 080 | _a23 | ||
| 100 | 1 |
_aDenzinger, Heinrich. _943743 |
|
| 245 | 1 | 0 |
_aEnchiridion symbolorum _b: definitionum et declarationum de rebus fidei et morum / _cHenricus Denzinger ; quod a Clemente Bannwart denuo compositum iteratis curis edidit Iohannes Bapt. Umberg. |
| 250 | _a26ª aum. | ||
| 260 |
_aFriburgi Brisgoviae : _bHerder, _c1947. |
||
| 300 |
_aXXXI, 688, 71 p. ; _c21 cm. |
||
| 500 | _aBiblioteca Jacinto Martínez Lacalle. | ||
| 650 | 1 | 7 |
_aTeología dogmática _2embne _917468 |
| 700 | 1 |
_aBannwart, Clemente. _925213 |
|
| 700 | 1 |
_aUmberg, Johann B. _9111968 |
|
| 852 |
_aES-MaACL _jE-11227 _bR.138923 |
||
| 999 |
_c104908 _d104908 |
||